เปลี่ยนเป็นภาษาไทย

Change to English
 แสดงรายละเอียดบรรณานุกรม
  กลับหน้าหลัก

Brief Record : Get Marc (ISO 2709) : E-mail record : QR code กลับ
E-books : เกี่ยวกับ Collections
LEADER 00000nam 2200000uu 4500
001    13399128833
003     BCNR
008    260703s2565||||th 000 0 tha d
020    ^a9786160453627
041    ^atha
060  4 ^aWM420.5^bว811ค 2565
100 0  ^aวีกส์ แคลร์
245 00 ^aคู่มือเอาชนะภาวะสติแตก =^bComplete self-help for your nerves /^cClaire Weekes, เขียน ; พลอยแสง เอกญาติ, แปล
246 00 ^aComplete self-help for your nerves
250    ^aพิมพ์ครั้งที่ 1
260    ^aกรุงเทพฯ :^bนานมีบุ๊คส์,^c2565
300    ^a303 หน้า ;^c21 ซม.
505 0  ^aพลังในตัวคุณ -- อาการล้าจากความกังวล -- อาการล้าของของกล้ามเนื้อ -- อาการล้าทางอารมณ์ -- อาการล้าของสมอง -- อาการล้าทางจิตวิญญาณ -- อาการล้าจากความกังวลกับความเจ็บป่วยจากความกังวล -- ความเจ็บป่วยจากความกังวล -- โรควิตกกังวลทั่วไป -- วิธีรักษาโรควิตกกังวลทั่วไป -- การเผชิญหน้า -- การยอมรับ -- การลอยตัว -- การปล่อยให้เวลาผ่านไป -- วิธีบำบัดอาการที่เกิดบ่อย -- วิธีบำบัดอาการจากภาวะกังวลรุนแรงที่เกิดซ้ำ -- เป็นตัวเองอีกครั้ง -- โรควิตกกังวลกังวลที่มีความซับซ้อน -- วิธีรักษาโรควิตกกังวลที่มีความซับซ้อน -- ปัญหา -- ความเศร้า -- ความรู้สึกผิดและความอัปยศ -- ความอาการย้ำคิด -- อาการนอนไม่หลับ -- ความรู้สึกย่ำแย่ตอนเช้า -- ภาวะซึมเศร้า -- การสูญเสียความมั่นใจ -- ปัญหาในการมีปฏิสัมพันธ์กับคนอื่น -- ปัญหาเมื่อต้องกลับบ้านหลังจบการรักษา -- ความหวาดวิตก -- สามสหายแสนดี : งาน ความกล้าหาญ และศรัทธา -- สิ่งที่ควรทำและไม่ควรทำ -- สำหรับผู้ที่กลัวว่าอาการเจ็บป่วยจากความกังวลจะกลับมาอีก -- คำแนะนำสำหรับครอบครัว -- คนแบบไหนที่ป่วยเป็นโรควิตกกังวล -- ปาฐกถาของดอกเตอร์วีกส์
650  4 ^aการเก็บกด (จิตวิทยา)
650  4 ^aการควบคุมตนเอง
650  4 ^aความซึมเศร้า
650  4 ^aความวิตกกังวล
700 0  ^aพลอยแสง เอกญาติ,^eแปล
700 1  ^aWeekes, Claire. Complete self-help for your nerves
999    ^aบรรณารักษ์
รายการนี้ยังไม่มีแท็ก
คุณยังไม่ได้ล็อกอิน คุณสามารถมีกิจกรรมร่วมกับเว็บไซต์ได้ แต่ต้องล็อกอินก่อน ::
  ล็อกอิน
ลำดับที่ ประเภท เลขเรียก/บาร์โค้ด สถานที่ สถานะ
1. หนังสือ
หนังสือ
WM420.5 ว811ค 2565 c.1 
  Barcode: 088091
ห้องสมุดสาขาหลัก
►หนังสือทั่วไป
On Shelf
*เพิ่งรับคืน
2. หนังสือ
หนังสือ
WM420.5 ว811ค 2565 c.2 
  Barcode: 088092
ห้องสมุดสาขาหลัก
►หนังสือทั่วไป
On Shelf
*เพิ่งรับคืน
3. หนังสือ
หนังสือ
WM420.5 ว811ค 2565 c.3 
  Barcode: 088093
ห้องสมุดสาขาหลัก
►หนังสือทั่วไป
On Shelf
*เพิ่งรับคืน
   [แสดง 3/3 รายการ]

รายการใกล้เคียง
    หัวเรื่อง [การเก็บกด (จิตวิทยา)]
    หัวเรื่อง [การควบคุมตนเอง]
    หัวเรื่อง [ความซึมเศร้า]
    หัวเรื่อง [ความวิตกกังวล]

BibComment


ยังไม่เคยถูกคอมเมนท์

คอมเมนท์ทรัพยากรรายการนี้
  คอมเมนท์: คู่มือเอาชนะภาวะ..
Bib 13399128833

 
 
 

 Union Library Management : ULibM
Copyright 2026. All Rights Reserved.